[Event "8th ch-Euro w"]
[Site "Dresden GER"]
[Date "2007.04.14"]
[Round "11"]
[White "Juergens,V"]
[Black "Padurariu,I"]
[Result "1-0"]
[WhiteElo "2290"]
[BlackElo "2223"]

1.d4 Nf6 2.Bg5 Ne4 3.Bf4 d5 4.e3 c5 5.Bd3 Nf6 6.c3 cxd4 7.exd4 Bg4 8.Qb3 Qc8
9.Nd2 Nc6 10.h3 Bh5 11.Ngf3 Bxf3 12.Nxf3 e6 13.O-O Be7 14.Qc2 a6 15.Rfe1 b5
16.Qe2 O-O 17.Rac1 Qb7 18.g4 Rac8 19.a4 Na5 20.axb5 axb5 21.Ng5 Rc6 22.Be5 h6
23.Bxf6 Bxf6 24.Nh7 Bg5 25.Nxg5 hxg5 26.Qe5 f6 27.Qe2 Nb3 28.Rb1 b4 29.Bc2 Na5
30.Qd3 f5 31.Qe3 b3 32.Bd3 Nc4 33.Qxg5 Qf7 34.Re2 e5 35.Qxf5 Qxf5 36.Bxf5 g6
37.Bd3 exd4 38.cxd4 Rf3 39.Rbe1 Rf4 40.Bxc4 dxc4 41.Re3 Rf7 42.Rc1 Rf4 43.d5 Rd6
44.Rd1 Kg7 45.Kg2 g5 46.Kg3 Rf7 47.Rd4 Rc7 48.Rc3 Rc5 49.Rdxc4 Rxc4 50.Rxc4 Rxd5
51.Rc3 Rb5 52.h4 gxh4+ 53.Kxh4 Kg6 54.f4 Kf6 55.Rc6+ Kg7 56.f5  1-0

[Event "2nd Open"]
[Site "d'Angers FRA"]
[Date "2007.04.15"]
[Round "6"]
[White "Fota,D"]
[Black "Lesbros,B"]
[Result "1/2-1/2"]
[WhiteElo "1930"]
[BlackElo "2063"]

1.d4 Nf6 2.Bg5 Ne4 3.Bf4 c5 4.f3 Qa5+ 5.c3 Nf6 6.Nd2 cxd4 7.Nb3 Qb6 8.Qxd4 Nc6
9.Qxb6 axb6 10.e4 d5 11.Nd2 e5 12.Bg3 d4 13.Bb5 dxc3 14.bxc3 Be6 15.Ne2 Nd7
16.Nc1 Ba3 17.Nd3 f6 18.Bf2 Nc5 19.Bxc5 bxc5 20.c4 O-O 21.Bxc6 bxc6 22.Ke2 Ra4
23.Rhd1 Bxc4 24.Nxc4 Rxc4 25.Rab1 Rd8 26.Nxe5 Rc2+ 27.Ke3 Rc8 28.Nd3 c4 29.Ne1 Rxa2
30.Ra1 Bc5+ 31.Kf4 Rxa1 32.Rxa1 Bd4 33.Ra4 Bc3 34.Nc2 Bd2+ 35.Kf5 c5 36.Rxc4 Kf7
37.Kg4 Ke7 38.Kg3 Kd7 39.Kf2 Kc6 40.Nd4+ Kb6 41.Rc2 Bb4 42.Nf5 Rc7 43.Ne3 Kb5
44.Nd5  1/2-1/2

[Event "Open"]
[Site "Metz FRA"]
[Date "2007.04.20"]
[Round "7"]
[White "Laurent,B"]
[Black "Oboron,G"]
[Result "1-0"]
[WhiteElo "2399"]
[BlackElo "2017"]

1.d4 Nf6 2.Bg5 Ne4 3.Bf4 d5 4.e3 c6 5.f3 Nf6 6.Bd3 e6 7.Nd2 Nbd7 8.Bg3 c5
9.c3 c4 10.Bc2 Qb6 11.b3 cxb3 12.axb3 Qc6 13.Ne2 b5 14.O-O Bb7 15.c4 Bb4
16.c5 O-O 17.Nf4 Rfe8 18.Nd3 Bc3 19.Ra2 a5 20.Nb1 Bb4 21.Nxb4 axb4 22.Rxa8 Rxa8
23.Qd2 Ra2 24.Bxh7+ Nxh7 25.Qxa2 f6 26.Qa5 e5 27.Qxb4 Qc8 28.Nc3 Bc6 29.Ra1 Ng5
30.Qa5 exd4 31.exd4 Nxc5 32.dxc5 d4 33.Nxb5 Qd7 34.Nd6 Qe6 35.Qd2 Bxf3 36.Qxd4 Bd5
37.Re1  1-0

[Event "XX Open"]
[Site "Benidorm ESP"]
[Date "2007.04.23"]
[Round "2"]
[White "Bellon Lopez,JuM"]
[Black "Hernandez Rios,I"]
[Result "1-0"]
[WhiteElo "2425"]
[BlackElo "2009"]

1.d4 Nf6 2.Bg5 Ne4 3.Bh4 c5 4.f3 g5 5.fxe4 gxh4 6.e3 Bh6 7.Kf2 cxd4 8.exd4 Qb6
9.Nc3 Bg7 10.Nf3 Nc6 11.Nd5 Qa5 12.b4 Qd8 13.b5 Nxd4 14.Nxd4 e6 15.Nf4 Qf6
16.Ke3 e5 17.Nh5 exd4+ 18.Kd3 Qe5 19.Nxg7+ Qxg7 20.Qh5 O-O 21.Re1 d5 22.e5 Bg4
23.Qxh4 Qg6+ 24.Kd2 Bf5 25.Qxd4 Rfc8 26.Bd3 Qg5+ 27.Qe3 Qxg2+ 28.Re2 Qxh1
29.Bxf5 Rc7 30.Qg3+ Kf8 31.Re1  1-0

[Event "Icaro Open"]
[Site "Mexico City MEX"]
[Date "2007.04.28"]
[Round "3"]
[White "Almeida Saenz,A"]
[Black "Sanchez Enriquez,O"]
[Result "1/2-1/2"]
[WhiteElo "2429"]
[BlackElo "2242"]

1.d4 Nf6 2.Bg5 Ne4 3.Bf4 c5 4.f3 Qa5+ 5.c3 Nf6 6.d5 Qb6 7.b3 e6 8.e4 exd5
9.exd5 Bd6 10.Bg5 Be7 11.Ne2 d6 12.Ng3 O-O 13.Be2 Re8 14.Qd2 a6 15.O-O Qd8
16.Bf4 b5 17.Na3 Bf8 18.c4 b4 19.Nc2 Ra7 20.a3 bxa3 21.Rxa3 Rae7 22.Bd3 g6
23.Ne4 Nxe4 24.fxe4 Bg7 25.Bg5 Nd7 26.Bxe7 Qxe7 27.b4 cxb4 28.Nxb4 Nc5 29.Nc6 Qh4
30.Qf2 Qxf2+ 31.Rxf2 Bd7 32.Rfa2 Bxc6 33.dxc6 Rc8 34.Rxa6 Nxa6 35.Rxa6 Bd4+
36.Kf1 Rc7 37.Be2 Kg7 38.Bg4 Kf6 39.Ke2 Ke7 40.Kd3 Bc5 41.h4 h5 42.Bh3 Bf2
43.Kc3 Bxh4 44.Bd7 Bf2 45.Ra8 Bc5 46.Re8+ Kf6 47.Kd3 Ra7 48.e5+ dxe5 49.Ke4 Bd6
50.Kd5 Bc7 51.Rc8 Ke7 52.Re8+ Kf6 53.Kc5 Ra5+ 54.Kb4 Ra7 55.Bc8 Ra8 56.Kc5 Ra5+
57.Kb4 Ra8 58.Kc5 Ra5+  1/2-1/2

[Event "Icaro Open"]
[Site "Mexico City MEX"]
[Date "2007.05.01"]
[Round "9"]
[White "Almeida Saenz,A"]
[Black "Dominguez Aguilar,G"]
[Result "1-0"]
[WhiteElo "2429"]
[BlackElo "2387"]

1.d4 Nf6 2.Bg5 Ne4 3.Bf4 c5 4.f3 Qa5+ 5.c3 Nf6 6.d5 d6 7.e4 g6 8.Na3 Nbd7
9.Nc4 Qc7 10.a4 Bg7 11.g4 O-O 12.Ne2 a6 13.Ng3 b6 14.h4 Ne5 15.Nxe5 dxe5
16.Be3 Bd7 17.h5 e6 18.d6 Qc6 19.Qd2 Rfd8 20.hxg6 hxg6 21.Bh6 Bh8 22.Qh2 Qxd6
23.Rd1 Qc7 24.Rd2 Bxa4 25.Bg5 Bg7 26.Qh4 Qe7 27.Rdh2 Kf8 28.Be2 Ke8 29.f4 Qd6
30.f5 exf5 31.gxf5 Kd7 32.fxg6 fxg6 33.Bxf6 Qxf6 34.Qg4+ Kc7 35.Rf2 Qd6 36.O-O Rf8
37.Rf7+ Bd7 38.Rxg7 Rxf1+ 39.Bxf1 Rf8 40.Bh3 Rd8 41.Nf1 Kc6  1-0

[Event "4NCL 2006-07"]
[Site "Wokefield Park ENG"]
[Date "2007.05.06"]
[Round "10"]
[White "Walton,A"]
[Black "Houska,Jo"]
[Result "0-1"]
[WhiteElo "2238"]
[BlackElo "2381"]

1.d4 Nf6 2.Bg5 Ne4 3.Bf4 d5 4.e3 c5 5.Bd3 Nf6 6.Nf3 Bg4 7.Nbd2 Nc6 8.c3 e6
9.h3 Bxf3 10.Nxf3 Bd6 11.Bxd6 Qxd6 12.O-O O-O 13.Qe2 Rfd8 14.Rfd1 c4 15.Bc2 b5
16.e4 Nd7 17.Nh4 a5 18.Qf3 Nf8 19.Re1 Ne7 20.g3 b4 21.exd5 Nxd5 22.Be4 g6
23.Ng2 Rab8 24.Bxd5 exd5 25.Nf4 Qf6 26.Kg2 g5 27.Nh5 Qxf3+ 28.Kxf3 Nd7 29.h4 gxh4
30.gxh4 Rb6 31.Re7 Kf8 32.Rae1 bxc3 33.bxc3 Nf6 34.Nxf6 Rxf6+ 35.Kg3 Rg6+
36.Kh3 Rdd6 37.Ra7 Rdf6 38.Re3 Rxf2 39.Rxa5 Rf1 40.Kh2 Rf4 41.Rxd5 Rxh4+
42.Rh3 Rf4 43.Rg3 Rf2+ 44.Kh3 Rh6+ 45.Kg4 Rxa2 46.Rc5 Rf2 47.Re3 Rhh2 48.Rxc4 h5+
49.Kg3 h4+ 50.Kg4 Kg7 51.Rh3 Rhg2+ 52.Kxh4 Rf4+ 53.Kh5 Rf6  0-1

[Event "ch-LTU"]
[Site "Siauliai LTU"]
[Date "2007.05.07"]
[Round "3"]
[White "Labeckas,K"]
[Black "Zagorskis,D"]
[Result "1/2-1/2"]
[WhiteElo "2248"]
[BlackElo "2463"]

1.d4 Nf6 2.Bg5 Ne4 3.Bf4 c5 4.f3 Qa5+ 5.c3 Nf6 6.d5 Qb6 7.Bc1 e6 8.c4 Qb4+
9.Bd2 Qxb2 10.Nc3 Qb6 11.Rb1 Qd8 12.e4 d6 13.f4 e5 14.Nf3 exf4 15.Bxf4 Nh5
16.Bd2 Be7 17.Bd3 O-O 18.O-O Nd7 19.e5 dxe5 20.Nxe5 Nhf6 21.Nf3 Ne8 22.Ne4 Ndf6
23.Ng3 Bd6 24.Nf5 Bxf5 25.Bxf5 Qc7 26.Bc3 g6 27.Bh3 Ne4 28.Ba1 f5 29.Qc2 N8f6
30.g4 h6 31.gxf5 g5 32.Rbe1 Rae8 33.Qg2 Nh5 34.Bg4 Nf4 35.Qb2 Kh7 36.Qb1 Nf6
37.Rxe8 Nxe8 38.f6+ Kg8 39.Nxg5 Nxf6 40.Rxf4 Bxf4 41.Be6+ Kh8 42.Nf3 Qh7
43.Bf5 Qe7 44.Be6 Qh7 45.Bf5  1/2-1/2

[Event "TCh-RUS HL"]
[Site "Sochi RUS"]
[Date "2007.05.10"]
[Round "8"]
[White "Smirnov,Arte"]
[Black "Glotov,M"]
[Result "1-0"]
[WhiteElo "2403"]
[BlackElo "2271"]

1.d4 Nf6 2.Bg5 Ne4 3.Bf4 c5 4.f3 Nf6 5.dxc5 Qa5+ 6.Nc3 Qxc5 7.e4 d6 8.Qd2 g6
9.Be3 Qa5 10.Nb5 Qd8 11.Nxa7 Bd7 12.a4 Bg7 13.Nb5 h5 14.Nc3 Nc6 15.Nge2 Ne5
16.Nd4 h4 17.Be2 h3 18.g3 Rc8 19.O-O O-O 20.Ndb5 Be6 21.Nd5 Nxd5 22.exd5 Bf5
23.Nd4 Qc7 24.Nxf5 gxf5 25.c3 Nc4 26.Bxc4 Qxc4 27.Rfd1 Ra8 28.a5 Qb5 29.Bb6 Rfc8
30.Rab1 Qc4 31.Qd3 f4 32.Qxc4 Rxc4 33.g4 f5 34.gxf5  1-0

[Event "Mitropa Cup Men"]
[Site "Szeged HUN"]
[Date "2007.05.15"]
[Round "8"]
[White "Hoang Thanh Trang"]
[Black "Marzolo,C"]
[Result "1/2-1/2"]
[WhiteElo "2472"]
[BlackElo "2459"]

1.d4 Nf6 2.Bg5 Ne4 3.Bf4 d5 4.e3 c5 5.Bd3 Nf6 6.dxc5 Nc6 7.Nc3 e5 8.Bg5 Be6
9.Na4 Qa5+ 10.c3 b5 11.cxb6 axb6 12.Bxf6 gxf6 13.b4 Bxb4 14.cxb4 Nxb4 15.Nc3 d4
16.exd4 exd4 17.Ne4 Nxd3+ 18.Kf1 Nf4 19.Ne2 Nxe2 20.Qxe2 Ke7 21.f3 Qa6 22.Kf2 Qxe2+
23.Kxe2 Rhc8 24.Rhb1 Bxa2 25.Rc1 Rxc1 26.Rxc1 Ra3 27.Rc7+ Kd8 28.Rc6 b5 29.Rd6+ Kc7
30.Rxd4 Bc4+ 31.Ke1 Ra1+ 32.Rd1 Ra2 33.Rd2 Ra6 34.Kf2 Rc6 35.g4 Kb6 36.Rd8 b4
37.Ke3 Be6 38.Rb8+ Ka5 39.Kd4 Rc4+ 40.Kd3 Rc6 41.Kd4 Rc4+ 42.Kd3 Rc8 43.Rxc8 Bxc8
44.Kc2 f5  1/2-1/2

[Event "16th TCh-CRO"]
[Site "Sibenik CRO"]
[Date "2007.05.17"]
[Round "1"]
[White "Doric,D"]
[Black "Malenica,M"]
[Result "1-0"]
[WhiteElo "2482"]
[BlackElo "2167"]

1.d4 Nf6 2.Bg5 Ne4 3.Bf4 c5 4.f3 Qa5+ 5.c3 Nf6 6.Nd2 cxd4 7.Nb3 Qb6 8.Qxd4 Nc6
9.Qxb6 axb6 10.Nd4 Nxd4 11.cxd4 d5 12.e3 Bd7 13.Bd3 e6 14.Ne2 Bb4+ 15.Kf2 Ke7
16.g4 Bd6 17.g5 Ne8 18.h4 Bxf4 19.exf4 Nd6 20.Nc3 Bc6 21.Rae1 Kd7 22.Re5 g6
23.h5 Nf5 24.Bxf5 gxf5 25.Re2 Kd6 26.Ke3 Rhc8 27.Rc2 Ba4 28.Rcc1 Bd7 29.Rh2 Rc4
30.Rhc2 Rac8 31.h6 R4c7 32.Kd2 Rc4 33.Ne2 Rxc2+ 34.Rxc2 Rg8 35.Rc1 Rg6 36.Ke3 f6
37.Rg1 Ke7 38.Nc3 Kf7 39.b3 Rg8 40.a4 Rg6 41.Rg3 Rg8 42.Rg2 Rg6 43.Nb5 Bxb5
44.axb5 Ke8 45.Ra2 fxg5 46.fxg5 Rxg5 47.Ra8+ Kd7 48.Rh8 Rh5 49.Rxh7+ Kd6
50.Kf4 Rh1 51.Rh8 Rh4+ 52.Kg5 Rh1 53.h7 Kc7 54.Kf6 Rh6+ 55.Kg7 Rh3 56.Rf8 e5  1-0

[Event "Capo d'Orso"]
[Site "Porto Mannu PAL"]
[Date "2007.05.21"]
[Round "3"]
[White "Rowson,J"]
[Black "Ziegler,A"]
[Result "1-0"]
[WhiteElo "2594"]
[BlackElo "2335"]

1.d4 Nf6 2.Bg5 Ne4 3.Bf4 c5 4.f3 Qa5+ 5.c3 Nf6 6.d5 Qb6 7.Bc1 d6 8.e4 g6
9.c4 Bg7 10.Ne2 O-O 11.Nec3 e6 12.Be2 Nbd7 13.O-O Re8 14.Kh1 a6 15.Nd2 Qd8
16.dxe6 fxe6 17.f4 b6 18.Nf3 Qc7 19.f5 Bb7 20.fxg6 hxg6 21.Qd3 Nf8 22.Bf4 Qc6
23.Bxd6 Nxe4 24.Be5 Rad8 25.Qe3 Nxc3 26.Bxg7 Nxe2 27.Qh6 Qxf3 28.Rxf3 Bxf3
29.Bf6  1-0

[Event "Capo d'Orso"]
[Site "Porto Mannu PAL"]
[Date "2007.05.22"]
[Round "4"]
[White "Antoniacci,R"]
[Black "Simone,M"]
[Result "0-1"]
[WhiteElo "1995"]
[BlackElo "1885"]

1.d4 Nf6 2.Bg5 Ne4 3.Bf4 d5 4.f3 Nf6 5.c4 c6 6.Nc3 e6 7.e4 Bb4 8.e5 Nh5 9.Be3 Qh4+
10.Bf2 Qe7 11.Qd2 g6 12.g4 Ng7 13.Qh6 O-O 14.Bh4 Bxc3+ 15.bxc3 Qa3 16.Bf6 Qxc3+
17.Kf2 Qxd4+ 18.Kg3 Ne8 19.g5 Qxa1 20.Ne2 Nd7 21.f4 Ndxf6 22.gxf6 Nxf6 23.exf6 Qxf6
24.h4 Qg7 25.Qg5 f6 26.Qg4 e5 27.Qf3 e4 28.Qb3 Qf7 29.Nd4 Rd8 30.c5 Qc7 31.Rg1 Qa5
32.Bh3 Qxc5 33.Qe3 Qd6 34.Bxc8 Raxc8 35.h5 Kf7 36.Kf2 Rg8 37.h6 a6 38.Rb1 b5
39.Ne2 c5 40.Ng3 f5  0-1

[Event "V Regina Helena Marques Prol"]
[Site "Santos BRA"]
[Date "2007.05.22"]
[Round "5"]
[White "Stamenkovic,Dr"]
[Black "Larrea,M"]
[Result "1/2-1/2"]
[WhiteElo "2423"]
[BlackElo "2317"]

1.d4 Nf6 2.Bg5 Ne4 3.Bf4 c5 4.f3 Qa5+ 5.c3 Nf6 6.d5 d6 7.e4 g6 8.Na3 Bg7
9.Nc4 Qd8 10.a4 O-O 11.Qd2 Nbd7 12.g4 Nb6 13.Ne3 Bd7 14.a5 Nc8 15.Ne2 e6
16.c4 e5 17.Bg3 Ne7 18.Nc3 Ne8 19.Bh4 Bh6 20.Bd3  1/2-1/2

[Event "Okie Masters"]
[Site "Tulsa USA"]
[Date "2007.05.27"]
[Round "3"]
[White "Braunlich,T"]
[Black "Langer,M USA"]
[Result "1/2-1/2"]
[WhiteElo "2199"]
[BlackElo "2315"]

1.d4 Nf6 2.Bg5 Ne4 3.Bf4 e6 4.f3 Bd6 5.Bxd6 Nxd6 6.e3 Nf5 7.Qd2 b6 8.Nc3 Qh4+
9.Qf2 Bb7 10.Qxh4 Nxh4 11.e4 f5 12.g3 Ng6 13.exf5 exf5 14.Kf2 Nc6 15.Re1+ Kd8
16.Rd1 f4 17.a3 Nce7 18.Bd3 Rf8 19.Be4 Bxe4 20.fxe4 fxg3+ 21.Kxg3 d6 22.Nh3 Kd7
23.Rhf1 c6 24.Rde1 d5 25.Nf4 Nxf4 26.Rxf4 Rxf4 27.Kxf4 Rf8+ 28.Ke3 dxe4 29.Nxe4 Nd5+
30.Kd2 Rf3 31.Ng5 Rf2+ 32.Re2 Rxe2+ 33.Kxe2 h6 34.Nf3 Ke6 35.c4 Ne7 36.Ke3 Kf5
37.b4 a6 38.a4 g5 39.Ne5 b5 40.axb5 axb5 41.cxb5 cxb5 42.Nf7 Nd5+ 43.Kf3 Ke6
44.Nxh6 Nxb4 45.Ke4 Nd5 46.Ng4 b4 47.Nf2 b3 48.Nd1 Nf6+ 49.Kd3 Nd5 50.Ke4 Nb4
51.Nb2 Nd5 52.Nd1  1/2-1/2

[Event "2nd Magistral Espirito Santo"]
[Site "Vitoria BRA"]
[Date "2007.05.30"]
[Round "3"]
[White "Stamenkovic,Dr"]
[Black "Bortoloso,M"]
[Result "1-0"]
[WhiteElo "2423"]
[BlackElo "2228"]

1.d4 Nf6 2.Bg5 Ne4 3.Bf4 c5 4.f3 Qa5+ 5.c3 Nf6 6.d5 Qb6 7.Bc1 e6 8.e4 exd5
9.exd5 d6 10.c4 Be7 11.Nc3 Nbd7 12.f4 Nf8 13.Bd3 Ng6 14.Nf3 Bg4 15.O-O Nh4
16.Qa4+ Nd7 17.Nxh4 Bxh4 18.h3 Bh5 19.g4 Bg6 20.f5 O-O-O 21.fxg6 hxg6 22.Qb3 Qa5
23.Bf4 Bf6 24.Kg2  1-0

[Event "35th World Open"]
[Site "King of Prussia USA"]
[Date "2007.06.03"]
[Round "6"]
[White "Salimbagat,R"]
[Black "Zenyuk,I"]
[Result "1-0"]
[WhiteElo "2308"]
[BlackElo "2177"]

1.d4 Nf6 2.Bg5 Ne4 3.Bf4 c5 4.f3 Qa5+ 5.c3 Nf6 6.d5 d6 7.e4 Qc7 8.a4 e6 9.Bb5+ Nbd7
10.dxe6 fxe6 11.Qb3 e5 12.Bg5 Be7 13.Nd2 a6 14.Bc4 Rf8 15.a5 Nb8 16.Bxf6 Bxf6
17.Bg8 Nc6 18.Nc4 Rxg8 19.Nb6 Rf8 20.Nxa8 Qe7 21.Nb6 Be6 22.Nd5 Qd7 23.Nc7+ Qxc7
24.Qxe6+ Be7 25.Ne2 Nxa5 26.b4 cxb4 27.cxb4 Nc6 28.b5 Nd4 29.Nxd4 Qc3+ 30.Kf2 Qxd4+
31.Kg3 Rf6 32.Qg8+ Kd7 33.Qxh7 Rf4 34.bxa6 Bh4+ 35.Kh3 Qf2 36.Rhf1 Qe3 37.axb7  1-0

[Event "XV Lasker Mem Open A"]
[Site "Barlinek POL"]
[Date "2007.06.04"]
[Round "3"]
[White "Trifonov,D"]
[Black "Tokarski,B"]
[Result "1-0"]
[WhiteElo "2291"]
[BlackElo "2076"]

1.d4 Nf6 2.Bg5 Ne4 3.Bf4 c5 4.f3 Qa5+ 5.c3 Nf6 6.Nd2 cxd4 7.Nb3 Qd8 8.Bxb8 Rxb8
9.Qxd4 b6 10.e4 e6 11.O-O-O Qc7 12.Kb1 Be7 13.Ne2 O-O 14.Ng3 d5 15.exd5 Rd8
16.Qc4 Qxc4 17.Bxc4 b5 18.Bd3 Nxd5 19.Nd4 Bd7 20.Rhe1 Be8 21.Bf1 Bd6 22.Bd3 Nf4
23.Bf1 b4 24.c4 Bc5 25.Nb3 Bf2 26.Rxd8 Rxd8 27.Rc1 f6 28.Ne4 Bb6 29.g3 Nd3
30.Rd1  1-0

[Event "XV Lasker Mem Open A"]
[Site "Barlinek POL"]
[Date "2007.06.04"]
[Round "3"]
[White "Koziak,V"]
[Black "Czerwonski,A"]
[Result "1/2-1/2"]
[WhiteElo "2461"]
[BlackElo "2384"]

1.d4 Nf6 2.Bg5 Ne4 3.Bf4 c5 4.f3 Qa5+ 5.c3 Nf6 6.Qd2 cxd4 7.cxd4 Qxd2+ 8.Kxd2 Nc6
9.e3 d6 10.Bb5 a6 11.Bxc6+ bxc6 12.Nc3 g6 13.Nge2 Bg7 14.e4 Nd7 15.Rhd1 a5  1/2-1/2

[Event "7th ch-Euro Senior"]
[Site "Hockenheim GER"]
[Date "2007.06.04"]
[Round "3"]
[White "Kremenietsky,AnM"]
[Black "Hvenekilde,J"]
[Result "1/2-1/2"]
[WhiteElo "2353"]
[BlackElo "2221"]

1.d4 Nf6 2.Bg5 Ne4 3.Bf4 c5 4.f3 Qa5+ 5.c3 Nf6 6.Nd2 cxd4 7.Nb3 Qb6 8.Qxd4 Nc6
9.Qxb6 axb6 10.e4 d5 11.e5 Nh5 12.Be3 Nxe5 13.Bxb6 Nc4 14.Bxc4 dxc4 15.Rd1 Bd7
16.Nc5 Bc6 17.Ne2 e5 18.Ne4 Ra6 19.Bc7 Bxe4 20.fxe4 Be7 21.a3 Re6 22.Rd5 Nf6
23.Rxe5 Rxe5 24.Bxe5 Nxe4 25.Bd4 O-O 26.Rf1 Nc5 27.Bxc5 Bxc5 28.Rf4 Rc8 29.h3 g6
30.Nd4 f5 31.Kd1 Bd6 32.Rf2 Re8 33.Nb5 Bg3 34.Re2 Rxe2 35.Kxe2 Kf7 36.Ke3  1/2-1/2

[Event "7th ch-Euro Senior"]
[Site "Hockenheim GER"]
[Date "2007.06.04"]
[Round "3"]
[White "Lainburg,V"]
[Black "Kuznetsova,L"]
[Result "1/2-1/2"]
[WhiteElo "2188"]
[BlackElo "2064"]

1.d4 Nf6 2.Bg5 Ne4 3.Bh4 d5 4.f3 Nd6 5.Nc3 c6 6.e4 Qa5 7.Qd2 e6 8.Bf2 Be7
9.Bd3 Bd7 10.Nge2 b5 11.a3 Na6 12.O-O Qb6 13.Rfe1 O-O 14.Ng3 Rae8 15.b3 Nc7
16.a4 a6 17.Nce2 f5 18.e5 Nb7 19.c4 bxc4 20.bxc4 Bb4 21.Reb1 a5 22.Qc2 dxc4
23.Bxc4 Nd5 24.Be1 c5 25.Bxd5 exd5 26.Nf4 cxd4 27.Nxd5 Qa7 28.Nxb4 axb4 29.Bxb4 Rf7
30.f4 Be6 31.Qf2 Rd8 32.Ne2 Rfd7 33.Rd1 Qb6 34.Rab1 Qa7 35.a5 Bc4 36.Nc1 Nxa5
37.Ra1 Rd5 38.Bd6 Qb6 39.Ra3 Nb7 40.Be7 Re8 41.Bh4 Qb1 42.Qd2 Nc5 43.Nd3 Ne4
44.Rxb1 Nxd2 45.Rb7 Rb5 46.Rxb5 Bxb5 47.Bf2 Bc4 48.Nc5 Rb8 49.Bxd4 Rb1+ 50.Kf2 Rf1+
51.Kg3 Bd5 52.e6 Rd1 53.Be5 Nc4 54.Rb3 Kf8 55.Rb8+ Ke7 56.Rg8 Nxe5 57.fxe5 f4+
58.Kxf4  1/2-1/2

[Event "ch-St Petersburg"]
[Site "St Petersburg RUS"]
[Date "2007.06.07"]
[Round "10"]
[White "Smirnov,Arte"]
[Black "Yemelin,V"]
[Result "0-1"]
[WhiteElo "2403"]
[BlackElo "2564"]

1.d4 Nf6 2.Bg5 Ne4 3.Bf4 c5 4.f3 Qa5+ 5.c3 Nf6 6.d5 Qb6 7.b3 e6 8.e4 exd5
9.exd5 Bd6 10.Bg5 Be7 11.Bc4 d6 12.Ne2 Nbd7 13.O-O O-O 14.a4 Qd8 15.Bf4 Nh5
16.Be3 Ne5 17.Na3 f5 18.f4 Nxc4 19.Nxc4 b6 20.Ra2 Nf6 21.Ng3 g6 22.Re1 h5
23.Rd2 h4 24.Nh1 Ne4 25.Rd3 Bf6 26.Bd2 a6 27.a5 bxa5 28.Nf2 Rb8 29.Rde3 Nxd2
30.Nxd2 Bd7 31.Nh3 Re8 32.Rxe8+ Bxe8 33.Qf3 a4 34.bxa4 Bxa4 35.g4 Bd7 36.gxf5 Bxf5
37.Ne4 Bg7 38.Nhg5 Qd7 39.h3 Rb2 40.Re2 Rxe2 41.Qxe2 a5 42.Kg2 Qb7 43.Qa2 Qa6
44.Qb2 Qa8 45.Kf2 Bxe4 46.Nxe4 Qf8 47.Ke3 Bh6 48.Qf2 a4 49.c4 a3 50.Kd3 Qxf4
51.Qxf4 Bxf4 52.Kc2 g5 53.Kb3 Kf7 54.Kxa3 g4 55.hxg4 h3 56.Nf2 h2 57.Kb3 Bg3
58.Nh1 Bh4 59.Ka4 Kg6  0-1

[Event "National Open"]
[Site "Las Vegas USA"]
[Date "2007.06.10"]
[Round "5"]
[White "Dishman,S"]
[Black "Matikozian,A"]
[Result "0-1"]
[WhiteElo "2321"]
[BlackElo "2469"]

1.d4 Nf6 2.Bg5 Ne4 3.Bf4 d5 4.e3 c5 5.Bd3 Qb6 6.Bxe4 dxe4 7.Nc3 Qxb2 8.Nge2 Bg4
9.Nxe4 Bxe2 10.Kxe2 cxd4 11.Qd3 Qb6 12.Rhb1 Qc6 13.exd4 e6 14.c4 Nd7 15.d5 Qa6
16.dxe6 fxe6 17.Rd1 Qc6 18.Nd6+ Bxd6 19.Qxd6 Rc8 20.Rac1 Rf8 21.Bg5 Nf6 22.f3 Rf7
23.Qa3 Qc5 24.Qa4+ Kf8 25.Be3 Qe5 26.Qb4+ Kg8 27.Qd6 Qh5 28.c5 Re8 29.Rc4 Rd7
30.Qxd7 Nxd7 31.Rxd7 e5 32.Rg4 g6 33.Rg5 Qh4 34.Rg4 Qf6 35.h4 b6 36.Rd6 Qe7
37.h5 bxc5 38.Rc6 Qb7 39.Rxc5 e4 40.hxg6 Qb2+  0-1

[Event "11th Master Open"]
[Site "Voronezh RUS"]
[Date "2007.06.14"]
[Round "3"]
[White "Elfert,A"]
[Black "Loginov,An"]
[Result "0-1"]
[WhiteElo "2058"]
[BlackElo "2238"]

1.d4 Nf6 2.Bg5 Ne4 3.Bf4 d5 4.f3 Nf6 5.c4 c5 6.dxc5 Nc6 7.Nc3 d4 8.Nb5 e5
9.Bg5 Bxc5 10.e4 a6 11.Na3 h6 12.Bd2 Qb6 13.Qb3 Qa7 14.Bd3 Be6 15.Qa4 Qb6
16.Rb1 Bb4 17.Nc2 Bxd2+ 18.Kxd2 O-O 19.b4 Qc7 20.c5 Nd7 21.Ne2 b5 22.cxb6 Nxb6
23.Qa3 Qe7 24.g3 Nc4+ 25.Bxc4 Bxc4 26.Rhc1 Qe6 27.Ne1 d3 28.Ng1 Nd4 29.Rxc4 Qxc4
30.Rc1 Nc2 31.Qxd3 Qxb4+ 32.Ke2 Nxe1 33.Rxe1 Rfd8 34.Qb3 Rab8 35.Qxb4 Rxb4
36.Ke3 Ra4 37.Re2 Rd1 38.Nh3 Ra3+ 39.Kf2 Ra1 40.f4 R1xa2 41.Ng1 Rxe2+ 42.Nxe2  0-1

[Event "11th Master Open"]
[Site "Voronezh RUS"]
[Date "2007.06.14"]
[Round "3"]
[White "Popov,D"]
[Black "Chernov,Vl2"]
[Result "1-0"]
[WhiteElo "2245"]
[BlackElo "2071"]

1.d4 Nf6 2.Bg5 Ne4 3.Bh4 c5 4.f3 g5 5.fxe4 gxh4 6.e3 Bh6 7.Kf2 Qb6 8.Nc3 Nc6
9.Na4 Bxe3+ 10.Kxe3 cxd4+ 11.Kf2 Qb4 12.b3 b5 13.Nb2 Bb7 14.a4 Qc3 15.Nd3 Ne5
16.h3 Qc7 17.Ne2 Ng6 18.e5 f6 19.e6 dxe6 20.b4 O-O 21.Nc5 Bd5 22.Qxd4 Rfd8
23.Qe3 e5 24.Nc3 Bf7 25.axb5 Rd4 26.Be2 f5 27.Rhd1 f4 28.Qf3 Rad8 29.N3e4 Bd5
30.c3 Rxd1 31.Rxd1 Kg7  1-0

[Event "4th Alushta Summer"]
[Site "Alushta UKR"]
[Date "2007.06.15"]
[Round "1"]
[White "Kalmachevskikh,V"]
[Black "Tukhaev,A"]
[Result "0-1"]
[WhiteElo "2333"]
[BlackElo "2466"]

1.d4 Nf6 2.Bg5 Ne4 3.Bf4 d6 4.f3 Nf6 5.Nc3 Nbd7 6.e4 e5 7.Be3 Be7 8.Nge2 O-O
9.Qd2 c6 10.Ng3 b5 11.Nf5 b4 12.Ne2 Re8 13.dxe5 Nxe5 14.Nxe7+ Qxe7 15.Qxb4 a5
16.Qc3 d5 17.O-O-O dxe4 18.Bc5 Qe6 19.f4 Ned7 20.Nd4 Qxa2 21.Ba3 e3 22.Nb3 a4
23.Bc4 axb3 24.cxb3 Nb6 25.Bd3 Be6 26.Bc2 Qa1+ 27.Bb1 Rxa3  0-1

[Event "4th Alushta Summer"]
[Site "Alushta UKR"]
[Date "2007.06.19"]
[Round "5"]
[White "Kalmachevskikh,V"]
[Black "Kochetkov,G"]
[Result "1-0"]
[WhiteElo "2333"]
[BlackElo "2386"]

1.d4 Nf6 2.Bg5 Ne4 3.Bf4 c5 4.f3 Nf6 5.d5 d6 6.e4 e5 7.dxe6 Bxe6 8.Nc3 Nc6
9.Qd2 Qa5 10.Nh3 Bxh3 11.gxh3 Nd4 12.Bg2 O-O-O 13.O-O d5 14.Qf2 c4 15.Kh1 Ne6
16.Bd2 d4 17.Nd5 Qa6 18.f4 Bc5 19.b4 Bb6 20.a4 c3 21.a5 Bc7 22.b5 Qxb5 23.Rfb1 Qc4
24.Bc1 Nxd5 25.exd5 Nc5 26.Ba3 Bxa5 27.d6 Rxd6 28.Bxc5 Qxc5 29.Rxb7 Rd7 30.Qf3 Re8
31.Rab1 Bb6 32.R7xb6 Qxb6 33.Rxb6 Re1+ 34.Bf1 axb6 35.Kg2 Kc7 36.Ba6 Kd6
37.Bb5 Rc7 38.Kf2 Re3 39.Qa8 Kc5 40.Be2 Rce7 41.Qa3+ Kd5 42.Qb3+ Ke4 43.Qxb6 Kxf4
44.Qxd4+ R7e4 45.Qd6+ Re5 46.Bd3 Kg5 47.Qd4 Re1 48.Qxc3 f5 49.Qxe1  1-0

[Event "4th Alushta Summer"]
[Site "Alushta UKR"]
[Date "2007.06.22"]
[Round "8"]
[White "Kalmachevskikh,V"]
[Black "Kovalev,An"]
[Result "0-1"]
[WhiteElo "2333"]
[BlackElo "2532"]

1.d4 Nf6 2.Bg5 Ne4 3.Bf4 c5 4.f3 Nf6 5.d5 g6 6.e4 Bg7 7.Nc3 d6 8.Qd2 h5 9.h4 Qa5
10.Nh3 Bxh3 11.Rxh3 Na6 12.Be2 Nd7 13.Bg5 Nc7 14.a4 Qb4 15.Ra2 a6 16.Nd1 Qxd2+
17.Kxd2 e6 18.dxe6 Nxe6 19.Be3 O-O-O 20.Nc3 Nb6 21.a5 d5 22.axb6 d4 23.Nd5 dxe3+
24.Kxe3 Rhe8 25.Bc4 f5 26.Rh1 fxe4 27.fxe4 Bh6+ 28.Kf2 Nf4 29.Re1 Nxd5 30.Bxd5 Rd6
31.Ra5 Rxb6 32.Rxc5+ Kb8 33.b3 Rf6+ 34.Kg1 Bf4 35.Re2 Be5 36.Rc4 Ref8 37.g3 Rf1+
38.Kh2 R8f3 39.Rg2 Re3 40.Be6 Ree1 41.Rd2 Rh1+ 42.Kg2 Reg1+ 43.Kf2 Rxg3 44.Rc8+ Ka7
45.Rd5 Rh2+ 46.Kf1 Bf4 47.Rd3 Rh1+ 48.Kf2 Rh2+ 49.Kf1 Be3 50.Rxe3 Rxe3 51.Bd5 Kb6
52.Kg1 Rd2 53.Kf1 Ree2 54.Rb8 Rf2+ 55.Kg1 Rg2+ 56.Kh1 Rge2 57.Rxb7+ Kc5  0-1

[Event "King's Gambit B"]
[Site "Lipetsk RUS"]
[Date "2007.06.22"]
[Round "1"]
[White "Dmitrenko,V"]
[Black "Szieberth,A"]
[Result "1-0"]
[WhiteElo "2367"]
[BlackElo "2321"]

1.d4 Nf6 2.Bg5 Ne4 3.h4 c5 4.d5 Nxg5 5.hxg5 e6 6.Nf3 exd5 7.Qxd5 Qb6 8.Nc3 Qxb2
9.Qe5+ Be7 10.Nd5 Qxe5 11.Nxe5 Bd8 12.g6 fxg6 13.Nxg6 Rg8 14.Rxh7 d6 15.e4 Be6
16.Bc4 Bf7 17.Nh8 Rf8 18.Nxf7 Rxf7 19.Ne3 Rf8 20.Nf5 Bf6 21.Rd1 Nc6 22.Nxd6+ Ke7
23.Nf5+ Ke8 24.Nxg7+ Bxg7 25.Rxg7 Rd8 26.Rxd8+ Kxd8 27.Rxb7 Rf4 28.Bd5  1-0

[Event "Open"]
[Site "Pula CRO"]
[Date "2007.06.24"]
[Round "2"]
[White "Perhinig,R"]
[Black "Lie,K"]
[Result "1/2-1/2"]
[WhiteElo "2228"]
[BlackElo "2529"]

1.d4 Nf6 2.Bg5 Ne4 3.Bf4 c5 4.f3 Qa5+ 5.c3 Nf6 6.Nd2 cxd4 7.Nb3 Qb6 8.Qxd4 Nc6
9.Qxb6 axb6 10.Nd4 Ra5 11.Bg3 e5 12.Nb3 Ra8 13.e4 d5 14.exd5 Nxd5 15.Bb5 Be6
16.Bxe5 Ne3 17.Nd4 Ra5 18.Kf2 Nf5 19.Nxe6 fxe6 20.Bxc6+ bxc6 21.Bd4 Nxd4
22.cxd4 c5 23.dxc5 Bxc5+ 24.Kg3 Bd4 25.Ne2 Bxb2 26.Rab1 Rxa2 27.Nc1 Be5+
28.Kh3 Rb2 29.Nd3 Rxb1 30.Rxb1 Bc7 31.f4 Rf8 32.g3 Rf5 33.Kg4 Rd5 34.Rb3 Kd7
35.Kf3 g5 36.Ke4 gxf4 37.gxf4 Rh5 38.Rb2 Kc6 39.Rc2+ Kb7 40.Rb2 b5 41.Ne5 Kb6
42.Nf3 Rf5 43.Nd4 Rxf4+ 44.Ke3 Rh4 45.Nxb5 Bf4+ 46.Kd3 Kc5 47.Nd4 Bxh2 48.Rb5+ Kd6
49.Rb6+ Kd7 50.Nxe6 Bg1 51.Rb1 Kxe6 52.Rxg1 Kf5 53.Ke3 Rh3+ 54.Kf2 h5 55.Ra1 Rb3
56.Kg2 Rb4 57.Kg3  1/2-1/2